| 000 | 00865nam a2200265 a 4500 | ||
|---|---|---|---|
| 001 | 000115712 | ||
| 003 | CHAP | ||
| 005 | 20220329144545.0 | ||
| 008 | 190626s2014 mx a |r| |||||||spa d | ||
| 010 | _a112173 | ||
| 011 | _a113145 | ||
| 040 | _cCHAP | ||
| 090 | _aFolleto 11663 | ||
| 245 | 0 | 0 |
_aCensos económicos 2014 : _bresumen de los resultados definitivos / _cpor Instituto Nacional de Estadística y Geografía. |
| 260 |
_aAguascalientes, Ags. : _bINEGI, _c2014. |
||
| 300 |
_a16 p. : _bil. |
||
| 590 |
_aE5765TAJ _b05 _c20190626 _lUCH01 _h1404 |
||
| 650 | 1 | 4 |
_aEmpresas _zMéxico _vEstadísticas. _9136307 |
| 650 | 1 | 4 |
_aIndustria _xEstadísticas _zMéxico. _957721 |
| 650 | 1 | 4 |
_aMéxico _xCondiciones económicas _xEstadísticas. _976726 |
| 710 | 2 |
_aInstituto Nacional de Estadística y Geografía. _959300 |
|
| 901 | _aBK | ||
| 942 | _cFOLL | ||
| 942 | _n0 | ||
| 999 |
_c112173 _d112173 |
||